Gares des Hauts de Seine - Statistiques

Statistiques générales
  • Ce quiz a été pris 324 fois
    117 depuis la dernière actualisation
  • Le résultat moyen est 30 sur 44
Statistiques - réponses
Nombre de voyageurs Gares % Correct
16 665 520 Nanterre Préfecture
92%
9 932 819 Nanterre Université
92%
2 993 230 Nanterre Ville
92%
45 718 777 La Défense Grande Arche
89%
Nanterre la Folie
88%
10 515 535 Clichy - Levallois
87%
8 306 468 Saint Cloud
84%
4 090 042 Antony
80%
538 058 Sceaux
80%
3 853 692 Puteaux
79%
4 214 140 Courbevoie
77%
1 460 684 Vanves - Malakoff
76%
16 438 479 Asnières sur Seine
74%
5 581 499 Colombes
74%
2541 794 Sèvres - Ville d'Avray
74%
2 234 725 Clamart
72%
1 104 468 Sèvres Rive Gauche
72%
2 152 580 Issy
71%
5 112 442 Issy Val de Seine
71%
1 295 705 Meudon
71%
2 542 156 Meudon Val Fleury
71%
4 247 217 Rueil Malmaison
71%
5 150 893 Bois Colombes
70%
2 329 364 Chaville Rive Droite
70%
1 088 062 Chaville Rive Gauche
70%
1 892 786 Garches - Marnes la Coquette
70%
3 134 620 Bourg la Reine
67%
1 780 072 Gennevilliers
67%
3 452 413 Suresnes Mont Valérien
66%
4 502 515 La Garenne Colombes
64%
1 591 739 Robinson
64%
10 588 016 Bécon les Bruyères
62%
1 693 539 Vaucresson
61%
888 408 Fontenay aux Roses
59%
1 319 708 Bellevue
54%
383 626 Parc de Sceaux
51%
2 357 629 La Croix de Berny
49%
2 916 687 Le Stade
49%
1 798 685 Le Val d'Or
49%
4 797 717 Les Vallées
47%
1 597 521 Les Baconnets
42%
473 408 Fontaine Michalon
40%
2 420 587 Les Grésillons
39%
351 765 Chemin d'Antony
38%
Aucun quiz correspondant
Distribution des résultats
% des personnes avec chaque résultat
Percentile par nombre de réponses
Votre historique - résultats
Vous n’avez pas pris ce quiz depuis la dernière actualisation